000 00309nam a22001337a 4500
020 _a1-841-191584
082 _a823
_bRAN/H
100 _aRANSFORD, SANDY
245 _aHILLARIOUSLY FUNNY VERSE
260 _aLONDON
_bROBINSON CHILDREN'S BOOK
_c2000
300 _a184
520 _aFUNNY COLLECTION
942 _cBK
999 _c6472
_d6472